Statistisk arbok 1989

Guardado en:
Detalles Bibliográficos
Formato: Libro
Lenguaje:noruego
Publicado: Oslo Statistisk Sentralbyra 1989
Edición:1. ed.
Etiquetas: Agregar Etiqueta
Sin Etiquetas, Sea el primero en etiquetar este registro!

MARC

LEADER 00000nam a2200000 4500
001 c029458
005 20250702113800.6
041 0 |a nor 
044 |a NO 
245 1 0 |a Statistisk arbok 1989 
250 |a 1. ed. 
264 1 |a Oslo  |b Statistisk Sentralbyra  |c 1989 
300 |a 496 s.